| 000 | 00867nam a22003137a 4500 | ||
|---|---|---|---|
| 001 | 0059896 | ||
| 003 | KOHA_MİRAKIL | ||
| 005 | 20260207004245.0 | ||
| 007 | ta | ||
| 008 | 170203b2011 tu |||gr||||#0|||0|tur | | ||
| 020 | _a9786055539665 | ||
| 040 |
_aTR-BiSEU _btur _cTR-BiSEU _erda |
||
| 041 | 0 | _atur | |
| 044 | _ctu | ||
| 050 |
_aDR435.K87 _bG86 2011 |
||
| 100 | 1 | _aGüney, Enis. | |
| 245 | 1 |
_aCumhuriyet tarihinde kürtler/ _cEnis Güney ; Enis Güney. |
|
| 264 | 1 |
_aİstanbul : _bParaf _c2011 |
|
| 300 | _a208 sayfa; 21 cm. | ||
| 336 |
_ametin _btxt _2rdacontent |
||
| 337 |
_aaracısız _bn _2rdamedia |
||
| 338 |
_acilt _bnc _2rdacarrier |
||
| 500 | _aDizin var. | ||
| 500 | _aKaynakça var. | ||
| 650 | 0 |
_aKurds--Turkey--History. _916676 |
|
| 650 | 0 |
_aKurds--Turkey--Politics and government. _922555 |
|
| 907 | _aTarih | ||
| 942 |
_2lcc _cBK |
||
| 999 |
_c59700 _d59700 |
||